| 000 | 00867nam a22002297a 4500 | ||
|---|---|---|---|
| 999 |
_c11359 _d11359 |
||
| 003 | AR-CdUCM | ||
| 008 | 190403b ||||| |||| 00| 0 spa d | ||
| 040 |
_aMUNICIPALIDAD PROVINCIAL DEL CUSCO _cBIBLIOTECA MUNICIPAL DEL CUSCO |
||
| 082 |
_aC / 869.56 / _bAV91 |
||
| 100 |
_aAvendaño Farfan, Ángel _922687 |
||
| 245 | _aCartas contra el tiempo / | ||
| 260 |
_aCusco : _bGarcilaso, _c1961. |
||
| 300 |
_a27, 48 páginas ; _c21 cm. |
||
| 500 | _aEjemplar dividido en dos libros con diferentes títulos y autores. 1er. libro: Cartas contra el tiempo. 2do. libro: Genesis. | ||
| 505 | _aContenido: 1er. libro: Cartas contra el tiempo -- 2do. libro: Genesis. | ||
| 650 |
_aLiteratura Cusqueña _97280 |
||
| 650 |
_aPoesías _943900 |
||
| 650 |
_aSiglo XX _98 |
||
| 700 |
_aGarcía H., Federíco (autor Génesis) _928686 |
||
| 942 |
_2ddc _cLIBROS |
||
| 945 | _aachl | ||